Flagi państw na literę A - nagła śmierć - Statystyki

Ogólne statystyki
  • Ten quiz został rozwiązany 72 razy
  • Średni wynik to 9 z 11
Answers on the Grid
Answers color-coded by a green-red scale on the quiz's grid according to % correct below.
 
Statystyki odpowiedzi
Odpowiedź % Poprawnych
Albania
93%
Argentyna
91%
Andora
89%
Australia
89%
Azerbejdżan
89%
Angola
87%
Austria
87%
Arabia Saudyjska
80%
Afganistan
(Dawna flaga)
78%
Armenia
78%
Antigua i Barbuda
73%
Nie znaleziono quizów pasujących do podanych kryteriów
Rozkład punktacji
Procent ludzi z każdym wynikiem
Percentyl według liczby udzielonych odpowiedzi
Twoja historia wyników
Nie rozwiązałeś tego quizu